Match the College Team Names #11 - Statistics

General Stats
  • This quiz has been taken 14 times
  • The average score is 10 of 20
Answer Stats
Hint Answer % Correct
Baylor Bears
91%
Delaware Fightin' Blue Hens
82%
Hawaii Rainbow Warriors
82%
Butler Bulldogs
73%
Xavier Musketeers
73%
Duquesne Dukes
64%
Cornell Big Red
55%
Miami (OH) RedHawks
55%
Wofford Terriers
55%
Oral Roberts Golden Eagles
45%
George Washington Revolutionaries
45%
North Carolina A&T Aggies
36%
Dartmouth Big Green
36%
Winthrop Eagles
36%
Elon Phoenix
36%
Towson Tigers
36%
East Tennessee State Buccaneers
27%
Charleston Cougars
27%
North Alabama Lions
27%
Omaha Mavericks
27%
No matching quizzes found
Score Distribution
Percent of People with Each Score
Percentile by Number Answered
Your Score History
You have not taken this quiz